Statistics for The Ten Fastest-Growing U.S. States Since 2010

Click here to take the quiz!

General Stats

  • This quiz has been taken 224 times
  • The average score is 8 of 10

Answer Stats

Change since 2010State% Correct
+10.81%Texas
96%
+9.63%Florida
95%
+8.43%Arizona
92%
+8.38%Washington
88%
+10.17%Colorado
87%
+8.87%Nevada
87%
+10.40%Utah
83%
+7.37%Idaho
74%
+7.26%South Carolina
62%
+12.69%North Dakota
48%

Score Distribution

Percentile by Number Answered

Percent of People with Each Score

Your Score History

You have not taken this quiz